00607nam a2200193Ia 4500008004100000020001800041082001500059100002300074245002700097250000800124260003000132300002400162500000700186600003300193650001500226942000700241952014800248999001700396240925s9999 xx 000 0 und d a9780099289821 a813.52 HEM aHemingway, Vintage 0aFor Whom the Bell Toll a1st aLondon:bVintagesc,2005. a808p.bNAfOriginal aNA aHumanities & Natural Science aLiterature cBK 001040708HUMaUITUbUITUd2018-05-28eParamount Book Pvt Ltdg295.00l2o813.52 HEMpQ11739r2026-06-11 16:46:08s2026-06-04w2024-09-25yBK c14238d14238